000 00533nam a22001817a 4500
003 CEME
005 20210628205504.0
008 210305b xxu||||| |||| 00| 0 eng d
020 _a0-07-035368-9
040 _c.
082 _a621.381331 KOS'O
100 _aKoshiba, Masanori
_975768
245 _aOptical waveguide analysis
260 _aNEWYORK
_bMCGRAW HILL
_c1992
300 _a173P
650 _aOPTICAL WAVE GUIDE-MATHEMATICAL MODELS OPTICAL WAVE GUIDES-COMPUTER SIMULATION FINITE ELEMENT METHOD
_975769
942 _cBK
_2ddc
999 _c581168
_d581168